00713cam a2200229 a 4500001000500000005001700005020001500022020002700037040002500064050002000089082001000109100002500119245004900144260003600193300005800229490002000287505000800307520010400315521002300419521002000442650002100462347020250507143253.0 a0307125831 a0307625834 (lib. bdg.) aOZavcOZavdDLCbeng04aPZ7.M462b 1990 a617.61 aMayer, Mercerd1943-10aJust going to the dentist /cby Mercer Mayer aNew York : bScholastic, c1990 a24 unnumbered pages : bcolor illustrations ;c21 cm. a Little Critter aJ  aLittle Critter goes to the dentist for a checkup, and finds that going to the dentist isn't so bad. a500 bLexile AD  aJ bRaz-Plus  ateeth vFiction